Регионална библиотека "Любен Каравелов" - Русе

Писмените ученически текстове (Запис номер 103141)

MARC детайли
000 -Лидер
Контролно поле с фиксирана дължина 02286nam a2200421 c 4500
003 - Код на организацията, давaща контролен номер
Контролно поле BLK
005 - Дата и час на последна редакция
Контролно поле 20240402163143.0
008 - Елементи от данни с фиксирана дължина
fixed length control field 180409b bul|||||r ||||||| ||bul||
010 ## - Наследен системен номер
LC control number KNG00108213000
020 ## - Международен стандартен номер на книга ISBN
Международен стандартен номер на книга ISBN 954-771-066-4
-- издат.: Кръгозор - на том(ч. 2)
040 ## - Източник на каталожния запис
Идентификатор на билиотеката - собственик на записа BLK
041 ## - Код за език
Код за езика на текст/звукозапис или на отделно заглавие Български
Код за езика КДБФ Български
080 ## - УДК
Текстов определител УДК Литературна дейност. Редактиране. Култура на речта. Стилистика. Литературна техника
УДК код - определител по УДК 808
УДК определител (075)
УДК - код + определител 808(075)
080 ## - УДК
Текстов определител УДК Българска литература в основното училище. Методика на обучението
УДК код - определител по УДК 373.3.016:821.163.2
УДК определител (075.2)
УДК - код + определител 373.3.016:821.163.2(075.2)
139 ## - Редно поле
Редна дума Писмените ученически текстове
Авторски знак Писм - П 55
245 10 - Сведения за заглавието
Заглавие Писмените ученически текстове
Подзаглавни данни Ч. 1 -
Редно поле (дума) авт. на том Маргарита Георгиева; съавт. на том Йорданка Кръстева Савова.
Том Ч. 2
Заглавие на том Съчинения
257 ## - Страна на издаване
Страна на създаване/издаване България
260 ## - Област на издателските данни
-- София
Година на издаване 2002
300 ## - Физическа характеристика
Размери/Мащаб 20 см
380 ## - Жанр
Жанр Литературознание
500 ## - Общи забележки
Забележка Офс. изд.
504 ## - Забележка за наличие на библиография и др
Забележка за наличие на библиография и под. 344-348 и под л
650 #4 - Допълнително описание по предмет – тема
Основно описание – тема или топоним Съчинения по литература - методика - учебни помагала
9 (RLIN) 243596
653 ## - Ключова дума – ненормативна
Ключова дума българска литература
653 ## - Ключова дума – ненормативна
Ключова дума учебни помагала
653 ## - Ключова дума – ненормативна
Ключова дума съчинение разсъждение
653 ## - Ключова дума – ненормативна
Ключова дума съчинение
653 ## - Ключова дума – ненормативна
Ключова дума преразказ
700 1# - Други автори (авторска отговорност)
Лично име Георгиева, Маргарита
Автороска отговорност (Описва отношението между автора и произведението) авт. на том
Друга информация Христова-Плашилска, Маргарита Георгиева
9 (RLIN) 369188
700 1# - Други автори (авторска отговорност)
Лично име Савова, Йорданка Кръстева
Автороска отговорност (Описва отношението между автора и произведението) съавт. на том
9 (RLIN) 374949
760 1# - Описание на основната серия
-- - на том(ч. 2)
Място на издаване, издател и година Кръгозор, 2003
Страници - том 349 с.
Забележка - том Пълното име на първата авт. е Маргарита Георгиева Христова-Плашилска. - Библиогр. с. 344-348 и под линия.
Заглавие Ч. 2 Съчинения
852 ## - Местоположение
Форматна сигнатура Цб 215013
856 4# - Електронен адрес и достъп
Електронен формат pdf - файл
Път до файла /url/
856 4# - Електронен адрес и достъп
Електронен формат pdf - файл
Път до файла /url/
942 ## - АРТИКУЛИ
Вид на библиотечния материал Книги
Скрит в OPAC Не
Koha issues (borrowed), all copies 8
944 ## - СЪЗДАВАНЕ И РЕДАКЦИЯ на ЗАПИСА
Създаване/Редакция Създаване
Дата на регистрацията/редакция 13.10.2003
Служител, извършил регистрацията/редакцията 30576
Статус, дата на статуса Цветомила Тодорова
944 ## - СЪЗДАВАНЕ И РЕДАКЦИЯ на ЗАПИСА
Създаване/Редакция Редакция
Дата на регистрацията/редакция 29.01.2007
Служител, извършил регистрацията/редакцията
999 ## - СИСТЕМНИ КОНТРОЛНИ НОМЕРА
Koha biblionumber 103141
Koha biblioitemnumber 103141
Наличности
Код за отписване Код за изгубен артикул Източник на класификационната схема Код за повреда Коз за рестрикции Код за отдаване Артикулен № Име на библиотеката - собственик Име на библиотеката, в която се намира в момента Статус (Текущо местоположение) Дата на вписване в системата Местоположение - отдел Цена в лева Инвентарен номер Систематично азбучна сигнатура Баркод Номер на екземпляра Цена в евро Служебна бележка Служебен тип на артикула
Изтеглен Не е изгубен Universal Decimal Classification Не е повреден без рестрикции заемане за дома 166441 Регионална библиотека "Любен Каравелов" Русе Регионална библиотека "Любен Каравелов" Русе Заемна - подръчен фонд 2003-10-13 Заемна - подръчен фонд 8.00 120000679008 П 82.0/П 55 120000679008 1 4.09 Дост: Pk Вид: Ф N: 17436 Дата: 09.10.2003 Дата инв: 08.02.2018 Бележки инв: П2018 Книги
  Не е изгубен   Не е повреден без рестрикции ползва се в читалня 166442 Регионална библиотека "Любен Каравелов" Русе Регионална библиотека "Любен Каравелов" Русе Читалня 2003-10-13 Читалня 8.00 120000679009 Ч 82.0/П 55 120000679009 2 4.09 Дост: Pk Вид: Ф N: 17436 Дата: 09.10.2003 Дата инв: 27.03.2017 Бележки инв: Ч2017 Книги
Изтеглен Не е изгубен Universal Decimal Classification Не е повреден без рестрикции заемане за дома 166443 Регионална библиотека "Любен Каравелов" Русе Регионална библиотека "Любен Каравелов" Русе Заемна - подръчен фонд 2003-10-17 Заемна - подръчен фонд 8.00 120000679197 П 82.0/П 55 120000679197 3 4.09 Дост: Pk Вид: Ф N: 17532 Дата: 16.10.2003 Книги
  Не е изгубен   Не е повреден без рестрикции ползва се в читалня 166444 Регионална библиотека "Любен Каравелов" Русе Регионална библиотека "Любен Каравелов" Русе Хранилище 2004-11-18 Хранилище 8.00 120000690257 Цб 215013 120000690257 4 4.09 Дост: Dp Вид: Д N: 6 Дата: 28.01.2004 Книги
  Не е изгубен Universal Decimal Classification Не е повреден без рестрикции заемане за дома 166445 Регионална библиотека "Любен Каравелов" Русе Регионална библиотека "Любен Каравелов" Русе Заемна - подръчен фонд 2007-01-24 Заемна - подръчен фонд 8.00 120000708783 82.01/.09/П 55 120000708783 5 4.09 Дост: Pk Вид: Ф N: 813 Дата: 22.01.2007 Дата инв: 08.02.2018 Бележки инв: П2018 Книги
Изтеглен Не е изгубен Universal Decimal Classification Не е повреден без рестрикции заемане за дома 166446 Регионална библиотека "Любен Каравелов" Русе Регионална библиотека "Любен Каравелов" Русе Заемна - подръчен фонд 2007-01-24 Заемна - подръчен фонд 8.00 120000708784 П 82.0/П 55 120000708784 6 4.09 Дост: Pk Вид: Ф N: 813 Дата: 22.01.2007 Дата инв: 08.02.2018 Бележки инв: П2018 Книги
Vip Innovations Ltd, Rousse, Bulgaria 2025